Normal view
MARC view
- يوسف،عصام
Entry Personal Name
001 - CONTROL NUMBER
- control field: 22116
003 - CONTROL NUMBER IDENTIFIER
- control field: JO-AjAnu
005 - DATE AND TIME OF LATEST TRANSACTION
- control field: 20230606073825.0
008 - FIXED-LENGTH DATA ELEMENTS
- fixed length control field: 230606|| aca||aabn | a|a d
040 ## - CATALOGING SOURCE
- Original cataloging agency: JO-AjAnu
- Transcribing agency: JO-AjAnu
100 ## - HEADING--PERSONAL NAME
- Personal name: يوسف،عصام
670 ## - SOURCE DATA FOUND
- Source citation: Work cat.: (JO-AjAnu)11367: يوسف،عصام, author, التوجيه التربوي والإرشاد النفسي